El allanamiento en el proceso penal
Uloženo v:
| Hlavní autor: | |
|---|---|
| Médium: | Kniha |
| Jazyk: | španělština |
| Vydáno: |
Buenos Aires
EJEA
1962
|
| Edice: | Breviarios de Derecho, 50
|
| Témata: | |
| Tagy: |
Přidat tag
Žádné tagy, Buďte první, kdo vytvoří štítek k tomuto záznamu!
|
MARC
| LEADER | 00000nam a2200000 a 4500 | ||
|---|---|---|---|
| 001 | UCS1014 | ||
| 003 | CL-VaPUC | ||
| 008 | 970506e19620000AG |||||||||||||||||spa|d | ||
| 082 | 0 | 4 | |a 345.077 |b ALC |2 21 |
| 100 | 0 | |a Alcalá-Zamora y Castillo, Niceto |e author |9 384990 | |
| 245 | 1 | 3 | |a El allanamiento en el proceso penal |
| 300 | |a 293 p | ||
| 942 | |c BK | ||
| 945 | |d 19970506 00:00:00 |a paguirre | ||
| 260 | |a Buenos Aires |b EJEA |c 1962 | ||
| 650 | 0 | |a Derecho procesal penal |9 256392 | |
| 650 | 7 | |a DERECHO PENAL |2 CL-VaPUC |9 11 | |
| 650 | 0 | |a Procedimiento penal |9 254974 | |
| 650 | 0 | |a Derecho comparado |9 255664 | |
| 650 | 0 | |a Allanamiento |9 384991 | |
| 650 | 0 | |a Sentencias |9 256250 | |
| 650 | 0 | |a Tribunales |9 254872 | |
| 583 | |a last modification |c 19970506 00:00:00 |k Rodrigo Vera | ||
| 490 | 0 | |a Breviarios de Derecho, 50 | |
| 999 | |c 259125 |d 259123 | ||
| 952 | |0 0 |1 0 |4 0 |6 345_077000000000000_ALC_1962 |7 0 |8 A |9 283692 |a BIBDER |b BIBDER |d 2019-11-19 |i 1841386 |o 345.077 ALC 1962 |p 1841386 |r 2023-01-25 |w 2019-11-19 |y BK |k DER | ||